000 00304nam a2200157Ia 4500
100 _aThorat/ Sandeep A
650 _aC
942 _cBK
366 _f25
245 _aC Interview Q&A
260 _bSPD
_c2011
082 _a5.133
_bTHO
300 _a170
546 _aENGLISH
_cComputers
999 _c19760
_d19760